Jak dobrze znasz piosenkę "Ale to już było" Maryli Rodowicz? - Statystyki

Ogólne statystyki
  • Ten quiz został rozwiązany 98 razy
  • Średni wynik to 16 z 22
Statystyki odpowiedzi
Tekst Brakujące słowo % Poprawnych
Z wielu pieców się ... chleb jadło
95%
To do przodu wciąż wyrywa głupie ... serce
95%
Ale to już było i nie ... więcej wróci
94%
To naprawdę wciąż ... tacy sami jesteśmy
93%
Choć w papierach ... przybyło lat
93%
Ale to już było znikło gdzieś za ... nami
93%
I choć tyle się ... zdarzyło
88%
I mówili zmiana ... klimatu
83%
Ale przecież za jakiś ... czas
80%
Bo od lat przyglądam się ... światu
80%
Częściej szare drogi ... powiatu
71%
Będą mogły same ... zaśpiewać
68%
One lecą drogą do ... gwiazd
67%
Nieraz rano ... łeb zabolał
64%
I wywiadów pełne ... gazety
63%
Czasem ... się wielki raut trafił
63%
Za oknami kolejny ... świt
60%
Przez ... ocean nieba niebieski
58%
Czasem ... w najlepszym z aut podróż
54%
Albo ... proletariatu feta
52%
Na ... kolekcja płyt regale
48%
I w sypialni ... oddechy dzieci
46%
Nie znaleziono quizów pasujących do podanych kryteriów
Rozkład punktacji
Procent ludzi z każdym wynikiem
Percentyl według liczby udzielonych odpowiedzi
Twoja historia wyników
Nie rozwiązałeś tego quizu